00998 a2200181 45000010006000000050017000060080041000230030015000640400040000790800022001192450046001410200018001872500012002052640059002173000019002765050490002951000031007851607820260407155455.0260407a1992 arg spa dAR-UNSa-BCEJYS aAR-UNSa-BCEJYSbspacAR-UNSa-BCEJYS a657xContabilidad10aIntroducción a la contabilidad superior a950-9414-32-8 a2a. ed. 1aSan Miguel de Tucumán :bEdiciones El Graduadoc1992 a303 p.c20 cm. a1. Actividad económica del hombre - 2. La empresa - 3. El marco jurídico de la actividad económica en el derecho argentino - 4. La contabilidad - 5. El patrimonio de la empresa - 6. La fuente de la información contable: los documentos comerciales - 7. Los llamados principios contables generalmente aceptados - 8. Los métodos de registración contable - 9. Cuentas - 10. Plan de cuentas - 11. Análisis de cuentas - 12. La información contable - 13. Los modelos contables1 aRodríguez, Roberto Mario